| 000 | 00657nam a2200205Ia 4500 | ||
|---|---|---|---|
| 005 | 20260121110025.0 | ||
| 008 | 008 260114s9999 xx 000 0 hin d | ||
| 020 | _a9788132360537 | ||
| 037 | _aEBOOK | ||
| 040 |
_aCRL _bhin _cCRL |
||
| 041 |
_ahin _2hin |
||
| 084 | _qCRL | ||
| 100 |
_aसर्वेश मिश्र / Sarvesh Mishra _9941100 |
||
| 245 | 0 | _aपारिस्थितिक पिरामिड / Paristhitiki Piramid | |
| 260 |
_bभाषा प्रकाशन / Bhasha Prakashan _c2021 |
||
| 856 | _uhttps://bhashaprakashan.com/product-details/382696 | ||
| 942 | _cEBOOK | ||
| 999 |
_c1532765 _d1532765 |
||